Stolice z najkrótszą nazwą - Statystyki

Ogólne statystyki
  • Ten quiz został rozwiązany 83 razy
  • Średni wynik to 35 z 39
Statystyki odpowiedzi
Litery Stolica % Poprawnych
Europa 4 Oslo
98%
Azja 5 Tokio
98%
Europa 5 Kijów
97%
Ameryka Południowa 4 Lima
97%
Europa 5 Mińsk
97%
Azja 5 Pekin
97%
Europa 4 Rzym
97%
Afryka 4 Kair
95%
Europa 5 Praga
95%
Europa 4 Ryga
95%
Europa 5 Wilno
95%
Europa 5 Ateny
94%
Azja 4 Baku
94%
Azja 4 Doha
94%
Ameryka Południowa 5 Sucre | La Paz
94%
Afryka 4 Akra
92%
Azja 4 Male
92%
Azja 5 Hanoi
91%
Ameryka Południowa 5 Quito
91%
Azja 4 Seul
91%
Oceania 4 Apia
89%
Europa 5 Berno
89%
Azja 4 Dili
88%
Europa 5 Paryż
88%
Oceania 4 Suva
88%
Afryka 5 Tunis
88%
Europa 5 Vaduz
88%
Azja 5 Dhaka
86%
Afryka 4 Lomé
86%
Azja 4 Sana
84%
Europa 5 Sofia
84%
Azja 5 Amman
83%
Afryka 5 Rabat
83%
Oceania 5 Yaren
83%
Afryka 5 Dakar
80%
Azja 5 Kabul
78%
Azja 5 Rijad
77%
Afryka 5 Dżuba
70%
Afryka 5 Praia
64%
Nie znaleziono quizów pasujących do podanych kryteriów
Rozkład punktacji
Procent ludzi z każdym wynikiem
Percentyl według liczby udzielonych odpowiedzi
Twoja historia wyników
Nie rozwiązałeś tego quizu